000 00601nam a2200205Ia 4500
005 20250508163052.0
008 008 250505s9999 xx 000 0 eng d
020 _a0-521-25601-1
037 _aTextual
040 _aFEDL
_beng
_cFEDL
041 _aeng
_2eng
084 _a153.4, IZA
_qFEDL
100 _aIzard Carroll E. Ed.
245 0 _aEmotions, cognition and behavior
260 _aCambridge, UK
_bCambridge University Press
_c1984
300 _ax,620p
700 _a Kagan Jerome Ed. Zajonc Robert B. Ed.
_9774656
942 _cTEXL
_h153.4, IZA
999 _c1380631
_d1380631